<?xml version="1.0" encoding="UTF-8"?>
<collection xmlns="http://www.loc.gov/MARC21/slim">
<record>
  <controlfield tag="001">560391</controlfield>
  <controlfield tag="003">SzGeCERN</controlfield>
  <controlfield tag="005">20161219115851.0</controlfield>
  <datafield tag="024" ind1="8" ind2=" ">
    <subfield code="a">oai:cds.cern.ch:560391</subfield>
    <subfield code="p">cerncds:CERN</subfield>
  </datafield>
  <datafield tag="035" ind1=" " ind2=" ">
    <subfield code="9">CERN annual report</subfield>
    <subfield code="a">2002-3.1123</subfield>
  </datafield>
  <datafield tag="035" ind1=" " ind2=" ">
    <subfield code="9">INSPEC</subfield>
    <subfield code="a">7069229</subfield>
  </datafield>
  <datafield tag="041" ind1=" " ind2=" ">
    <subfield code="a">eng</subfield>
  </datafield>
  <datafield tag="100" ind1=" " ind2=" ">
    <subfield code="a">Rivetti, A</subfield>
  </datafield>
  <datafield tag="245" ind1=" " ind2=" ">
    <subfield code="a">A low-power 10 bit ADC in a 0.25$\mu$m CMOS</subfield>
    <subfield code="b">design considerations and test results</subfield>
  </datafield>
  <datafield tag="260" ind1=" " ind2=" ">
    <subfield code="c">2000</subfield>
  </datafield>
  <datafield tag="520" ind1=" " ind2=" ">
    <subfield code="a">This paper presents the design and test of a low power analog to digital converter implemented in a commercial 0.25 mu m CMOS technology. The circuit has been developed to serve as a building block in multi-channel data acquisition systems for high energy physics (HEP) applications. Therefore medium resolution (10 bits), very low power consumption and high modularity are the key features of the design. In HEP experiments the resistance of the electronics to the ionizing radiation is often a primary issue. Hence the ADC has been laid-out using a radiation tolerant approach. The test results show that the chip operates as a full 10 bit converter up to a clock frequency of 30 MHz. No degradation in performance has been measured after a total dose of 10 Mrd (SiO/sub 2/). (7 refs).</subfield>
  </datafield>
  <datafield tag="595" ind1=" " ind2=" ">
    <subfield code="a">SIS INSP2002</subfield>
  </datafield>
  <datafield tag="595" ind1=" " ind2=" ">
    <subfield code="i">7069229</subfield>
  </datafield>
  <datafield tag="650" ind1="1" ind2="7">
    <subfield code="2">SzGeCERN</subfield>
    <subfield code="a">Detectors and Experimental Techniques</subfield>
  </datafield>
  <datafield tag="690" ind1="C" ind2=" ">
    <subfield code="a">ARTICLE</subfield>
  </datafield>
  <datafield tag="690" ind1="C" ind2=" ">
    <subfield code="a">CERN</subfield>
  </datafield>
  <datafield tag="694" ind1=" " ind2=" ">
    <subfield code="9">INSPEC</subfield>
    <subfield code="a">A2960 (Counting circuits and nuclear electronics)</subfield>
  </datafield>
  <datafield tag="694" ind1=" " ind2=" ">
    <subfield code="9">INSPEC</subfield>
    <subfield code="a">A0650D (Data gathering, processing, and recording, data displays including digital techniques)</subfield>
  </datafield>
  <datafield tag="694" ind1=" " ind2=" ">
    <subfield code="9">INSPEC</subfield>
    <subfield code="a">B7430 (Counting circuits and electronics for particle physics)</subfield>
  </datafield>
  <datafield tag="694" ind1=" " ind2=" ">
    <subfield code="9">INSPEC</subfield>
    <subfield code="a">B1265H (A/D and D/A convertors)</subfield>
  </datafield>
  <datafield tag="694" ind1=" " ind2=" ">
    <subfield code="9">INSPEC</subfield>
    <subfield code="a">B7220 (Signal processing and conditioning equipment and techniques)</subfield>
  </datafield>
  <datafield tag="694" ind1=" " ind2=" ">
    <subfield code="9">INSPEC</subfield>
    <subfield code="a">B7210G (Data acquisition systems)</subfield>
  </datafield>
  <datafield tag="694" ind1=" " ind2=" ">
    <subfield code="9">INSPEC</subfield>
    <subfield code="a">B2570D (CMOS integrated circuits)</subfield>
  </datafield>
  <datafield tag="694" ind1=" " ind2=" ">
    <subfield code="9">INSPEC</subfield>
    <subfield code="a">B1265A (Digital circuit design, modelling and testing)</subfield>
  </datafield>
  <datafield tag="694" ind1=" " ind2=" ">
    <subfield code="9">INSPEC</subfield>
    <subfield code="a">B2570A (Semiconductor integrated circuit design, layout, modelling and testing)</subfield>
  </datafield>
  <datafield tag="694" ind1=" " ind2=" ">
    <subfield code="9">INSPEC</subfield>
    <subfield code="a">CI SiO2 bin, O2 bin, Si bin, O bin</subfield>
  </datafield>
  <datafield tag="694" ind1=" " ind2=" ">
    <subfield code="9">INSPEC</subfield>
    <subfield code="a">NI frequency: 3</subfield>
  </datafield>
  <datafield tag="695" ind1=" " ind2=" ">
    <subfield code="9">INSPEC</subfield>
    <subfield code="a">analogue-digital-conversion</subfield>
  </datafield>
  <datafield tag="695" ind1=" " ind2=" ">
    <subfield code="9">INSPEC</subfield>
    <subfield code="a">CMOS-integrated-circuits</subfield>
  </datafield>
  <datafield tag="695" ind1=" " ind2=" ">
    <subfield code="9">INSPEC</subfield>
    <subfield code="a">data-acquisition</subfield>
  </datafield>
  <datafield tag="695" ind1=" " ind2=" ">
    <subfield code="9">INSPEC</subfield>
    <subfield code="a">integrated-circuit-design</subfield>
  </datafield>
  <datafield tag="695" ind1=" " ind2=" ">
    <subfield code="9">INSPEC</subfield>
    <subfield code="a">integrated-circuit-testing</subfield>
  </datafield>
  <datafield tag="695" ind1=" " ind2=" ">
    <subfield code="9">INSPEC</subfield>
    <subfield code="a">nuclear-electronics</subfield>
  </datafield>
  <datafield tag="700" ind1=" " ind2=" ">
    <subfield code="a">Anelli, G</subfield>
  </datafield>
  <datafield tag="700" ind1=" " ind2=" ">
    <subfield code="a">Anghinolfi, Francis</subfield>
    <subfield code="0">AUTHOR|(CDS)2069355</subfield>
    <subfield code="9">#BEARD#</subfield>
  </datafield>
  <datafield tag="700" ind1=" " ind2=" ">
    <subfield code="a">Mazza, G</subfield>
  </datafield>
  <datafield tag="700" ind1=" " ind2=" ">
    <subfield code="a">Rotondo, F</subfield>
  </datafield>
  <datafield tag="710" ind1=" " ind2=" ">
    <subfield code="5">EP</subfield>
  </datafield>
  <datafield tag="901" ind1=" " ind2=" ">
    <subfield code="u">CERN</subfield>
  </datafield>
  <datafield tag="916" ind1=" " ind2=" ">
    <subfield code="s">h</subfield>
    <subfield code="w">200252</subfield>
    <subfield code="y">a2002</subfield>
  </datafield>
  <datafield tag="960" ind1=" " ind2=" ">
    <subfield code="a">13</subfield>
  </datafield>
  <datafield tag="961" ind1=" " ind2=" ">
    <subfield code="c">20100305</subfield>
    <subfield code="h">2003</subfield>
    <subfield code="l">CER01</subfield>
    <subfield code="x">20020615</subfield>
  </datafield>
  <datafield tag="962" ind1=" " ind2=" ">
    <subfield code="b">529549</subfield>
    <subfield code="k">9/15-18 (v.2)</subfield>
    <subfield code="n">lyons20001015a</subfield>
  </datafield>
  <datafield tag="963" ind1=" " ind2=" ">
    <subfield code="a">PUBLIC</subfield>
  </datafield>
  <datafield tag="970" ind1=" " ind2=" ">
    <subfield code="a">002318116CER</subfield>
  </datafield>
  <datafield tag="980" ind1=" " ind2=" ">
    <subfield code="a">ARTICLE</subfield>
  </datafield>
  <datafield tag="980" ind1=" " ind2=" ">
    <subfield code="a">ConferencePaper</subfield>
  </datafield>
</record>

</collection>